CompTIA security+ get certified get ahead SYO-301 study guide /(E BOOK) (Record no. 209573)
[ view plain ]
| 000 -LEADER | |
|---|---|
| fixed length control field | 01810 a2200253 4500 |
| 003 - CONTROL NUMBER IDENTIFIER | |
| control field | Nust |
| 005 - DATE AND TIME OF LATEST TRANSACTION | |
| control field | 20170207164658.0 |
| 010 ## - LIBRARY OF CONGRESS CONTROL NUMBER | |
| LC control number | 2011913176 |
| 020 ## - INTERNATIONAL STANDARD BOOK NUMBER | |
| International Standard Book Number | 1463762364 (pbk.) |
| 020 ## - INTERNATIONAL STANDARD BOOK NUMBER | |
| International Standard Book Number | 9781463762360 (pbk.) |
| 035 ## - SYSTEM CONTROL NUMBER | |
| System control number | (OCoLC)ocn780177715 |
| 040 ## - CATALOGING SOURCE | |
| Transcribing agency | Nust |
| 082 00 - DEWEY DECIMAL CLASSIFICATION NUMBER | |
| Classification number | 005.8 |
| 100 1# - MAIN ENTRY--PERSONAL NAME | |
| Personal name | Gibson, Darril. |
| 245 10 - TITLE STATEMENT | |
| Title | CompTIA security+ get certified get ahead SYO-301 study guide /(E BOOK) |
| Statement of responsibility, etc. | Darril Gibson. |
| 260 ## - PUBLICATION, DISTRIBUTION, ETC. | |
| Place of publication, distribution, etc. | North Charleston, SC : |
| Name of publisher, distributor, etc. | CreateSpace, |
| Date of publication, distribution, etc. | c2011. |
| 300 ## - PHYSICAL DESCRIPTION | |
| Extent | xix, 559 p. : |
| Other physical details | ill. ; |
| Dimensions | 26 cm. |
| 500 ## - GENERAL NOTE | |
| General note | Includes index. |
| 520 ## - SUMMARY, ETC. | |
| Summary, etc. | Each of the eleven chapters presents topics in an easy to understand manner and includes real-world examples of security principles in action. The author uses many of the same analogies and explanations he's honed in the classroom that have helped hundreds of students master the Security+ content. You'll understand the important and relevant security topics for the Security+ exam, without being overloaded with unnecessary details. Additionally, each chapter includes a comprehensive review section to help you focus on what's important. Over 450 realistic practice test questions with in-depth explanations will help you test your comprehension and readiness for the exam. The book includes a 100 question pre-test, a 100 question post-test, and practice test questions at the end of every chapter. Each practice test question includes a detailed explanation to help you understand the content and the reasoning behind the question. You'll be ready to take and pass the exam the first time you take it. |
| 650 #0 - SUBJECT ADDED ENTRY--TOPICAL TERM | |
| Topical term or geographic name entry element | Computer networks |
| General subdivision | Security measures |
| -- | Examinations |
| 650 #0 - SUBJECT ADDED ENTRY--TOPICAL TERM | |
| Topical term or geographic name entry element | Computer security |
| General subdivision | Examinations |
| 650 #0 - SUBJECT ADDED ENTRY--TOPICAL TERM | |
| Topical term or geographic name entry element | Computer technicians |
| General subdivision | Certification |
| 650 #0 - SUBJECT ADDED ENTRY--TOPICAL TERM | |
| Topical term or geographic name entry element | Electronic data processing personnel |
| General subdivision | Certification. |
| 942 ## - ADDED ENTRY ELEMENTS (KOHA) | |
| Source of classification or shelving scheme | |
| Koha item type | Book |
| Withdrawn status | Lost status | Source of classification or shelving scheme | Damaged status | Not for loan | Collection code | Permanent Location | Current Location | Date acquired | Total Checkouts | Full call number | Barcode | Date last seen | Price effective from | Koha item type |
|---|---|---|---|---|---|---|---|---|---|---|---|---|---|---|
| Military College of Signals (MCS) | Military College of Signals (MCS) | 12/12/2016 | 005.8 | MCSEB-1466 | 12/08/2016 | 12/12/2016 | Book |
